000 00583cam a2200169 4500500
005 20250921011743.0
041 _afre
042 _adc
100 1 0 _aAllard, Bruno
_eauthor
700 1 0 _a Costa, François
_eauthor
700 1 0 _a Labouré, Éric
_eauthor
700 1 0 _a Lubin, Thierry
_eauthor
700 1 0 _a Mazaleyrat, Frédéric
_eauthor
245 0 0 _aÉlectrotechnique générale
260 _bTechniques de l'ingénieur,
_c2025.
856 4 1 _uhttps://shs.cairn.info/techniques-de-l-ingenieur-electrotechnique-generale--42333210?lang=fr&redirect-ssocas=7080
999 _c1509248
_d1509248